| 000 | 00674nam a2200205 i 4500 | ||
|---|---|---|---|
| 001 | 43928 | ||
| 003 | ES-MaACL | ||
| 005 | 20250918183947.0 | ||
| 007 | t| | ||
| 008 | 030320s1958 sp |||| | spa d | ||
| 100 | 1 |
_aCicerón, Marco Tulio. _938748 |
|
| 245 | 1 | 0 |
_aDiscursos políticos y forenses / _cMarco Tulio Cicerón ; traducción del latín, prólogo y notas por Agustín Blánquez. |
| 260 |
_a[Barcelona : _bIberia, _c1958] ( _fDiamante) |
||
| 300 |
_aXVI, 203 p. ; _c19 cm. |
||
| 490 | 1 | _aObras maestras | |
| 700 | 1 |
_aBlánquez Fraile, Agustín, _d1883-1965 _929329 |
|
| 830 | 0 |
_aObras maestras _9181001 |
|
| 852 |
_aES-MaACL _jC-16003 |
||
| 999 |
_c43928 _d43928 |
||